000 00300nam a2200133Ia 4500
100 _aLockman/ David
942 _cBK
654 _aC
245 _aTeach yourself Oracle 8 Database development in 21 days
260 _bTechmedia
_aDelhi
_c1997
300 _a665
546 _aENGLISH
999 _c17813
_d17813